000 00627nam a2200241Ia 4500
003 OSt
005 20221005115127.0
006 a|||||r|||| 00| 0
007 ta
008 221004b |||||||| |||| 00| 0 ben d
024 _a54081
037 _cTextual
040 _aCRL
_cCRL
_bben
041 _2ben
_aben
082 _aO157,3M76,6, 32J8
100 _aChattarji Saraschandra Au.
_9627152
245 0 _aBrahmanaputhri
260 _c1958
300 _a183p.
_ccm.
650 _aBENGALI FICTION
942 _hO157,3M76,6, 32J8
_cTEXL
_2cc
999 _c1033485
_d1033485